00555nam a2200169Ia 4500003000900000008004100009040001600050080001700066100001900083245008900102260004000191300001500231490005400246650004100300650002200341650002200363IN-BaIIA211028s9999 xx 000 0 eng d cIIA Library a524.3bCHI-1 aChiu, Hong-Yee 0aStellar physicsbvol. 1cHong-Yee Chiu  aWalthambBlaisdell Publishingc1968 axxv, 550p. aA blaisdell book in the pure and applied sciences aAstronomy and astrophysics thesaurus aStellar evolution aStellar structure